Library Banner

Final analysis (Record no. 27914)

MARC details
000 -LEADER
fixed length control field 00526nam a2200181Ia 4500
001 - CONTROL NUMBER
control field 27781
008 - FIXED-LENGTH DATA ELEMENTS--GENERAL INFORMATION
fixed length control field 140414s9999 xx 000 0 und d
020 ## - INTERNATIONAL STANDARD BOOK NUMBER
International Standard Book Number 0-00-637582-0
040 ## - CATALOGING SOURCE
Transcribing agency PK-LaUMT
082 ## - DEWEY DECIMAL CLASSIFICATION NUMBER
Classification number 616.8917092
Item number MAS-F
100 ## - MAIN ENTRY--PERSONAL NAME
Personal name Jeffrey Masson
245 ## - TITLE STATEMENT
Title Final analysis
Remainder of title the making and unmaing of a psychoanalyst
Statement of responsibility, etc Jeffrey Masson
260 ## - PUBLICATION, DISTRIBUTION, ETC. (IMPRINT)
Place of publication, distribution, etc London,UK:
Name of publisher, distributor, etc Fonta Press,
Date of publication, distribution, etc 1992
300 ## - PHYSICAL DESCRIPTION
Extent 212 p.
546 ## - LANGUAGE NOTE
Language note EN
650 ## - SUBJECT ADDED ENTRY--TOPICAL TERM
Topical term or geographic name as entry element masson, J. Moussaieff (Jeffrey Moussaieff), 1941-Antipsychiatry
942 ## - ADDED ENTRY ELEMENTS (KOHA)
Koha item type Books
Holdings
Withdrawn status Lost status Damaged status Not for loan Home library Current library Date acquired Total Checkouts Full call number Barcode Date last seen Price effective from Koha item type
        UMT Main Campus UMT Main Campus 2014-04-14   616.8917092 MAS-F 31521 2014-04-25 2014-04-25 Books